Normal view
MARC view
- Porcalla, Delon.
Entry Personal Name
001 - CONTROL NUMBER
- control field: 46666
003 - CONTROL NUMBER IDENTIFIER
- control field: OSt
005 - DATE AND TIME OF LATEST TRANSACTION
- control field: 20221107142355.0
008 - FIXED-LENGTH DATA ELEMENTS
- fixed length control field: 221107|| aca||aabn | a|a d
040 ## - CATALOGING SOURCE
- Original cataloging agency: OSt
- Transcribing agency: OSt
100 ## - HEADING--PERSONAL NAME
- Personal name: Porcalla, Delon.
670 ## - SOURCE DATA FOUND
- Source citation: Work cat.: (OSt): Porcalla, Delon., House to probe Phivolcs' lack of warning on taal /, January 15, 2020.
